Ιστορία της εκπαιδεύσεως
Αποθηκεύτηκε σε:
| Κύριος συγγραφέας: | |
|---|---|
| Μορφή: | Βιβλίο |
| Γλώσσα: | Greek |
| Δημοσίευση: |
Εν Αθήναις :
Οργανισμός Εκδόσεως Σχολικών Βιβλίων,
1942.
|
| Θέματα: | |
| Διαθέσιμο Online: | http://hdl.handle.net/11610/16494 |
| Ετικέτες: |
Προσθήκη ετικέτας
Δεν υπάρχουν, Καταχωρήστε ετικέτα πρώτοι!
|
MARC
| LEADER | 00000cam a2200000 i 4500 | ||
|---|---|---|---|
| 001 | 1/332 | ||
| 008 | 950703s1942 gr | ||| ||| ||gre|| | ||
| 035 | |l 10014041 | ||
| 040 | |a GR-MyUa |b gre |e AACR2 | ||
| 041 | 0 | |a gre | |
| 082 | 7 | |a 370.909495 |2 (22) | |
| 100 | 1 | |a Λέφας, Χριστόδουλος. | |
| 245 | 1 | 0 | |a Ιστορία της εκπαιδεύσεως / |c Χρ. Λέφα. |
| 260 | |a Εν Αθήναις : |b Οργανισμός Εκδόσεως Σχολικών Βιβλίων, |c 1942. | ||
| 300 | |a 532 σ. ; |c 21 εκ. | ||
| 500 | |a Υπάρχει ψηφιακό αντίγραφο. | ||
| 650 | 0 | 0 | |a Education |z Greece. |
| 650 | 0 | 0 | |a Education |x History. |
| 852 | |a INST |b LESVOS |e 19950703 |h 370.909495 ΛΕΦ |p 005100003981 |q 005100003981 |t BK |y 0 | ||
| 852 | |a INST |b RHODES |c AKA |e 20080718 |h 370.909495 ΛΕΦ |p 005400027671 |q 005400027671 |t BK |y 23 | ||
| 856 | |u http://hdl.handle.net/11610/16494 | ||
| 901 | |a BIBL4-2008-2 | ||